00562nam a2200205 a 4500001001300000003000900013005001700022008004100039020001000080082001500090100001600105245004800121260003700169300000900206500003500215505001000250650004000260650004000300700001600340nice12345678IN_TiNIC20260116012841.0050524s1991 jaia grp 000 0 eng  ac17500a305.9bMUR aMurickan, J aReligion and Power Structure in Rural India aJaipurbRawar Publicationsc1991 a172p aincludes index and biblioraphy2 aIndex aIndia-Political Economic Developmen aChristianity-Polotical-economic Dev1 aMurickan, J